IMPLEMENTATION BASIC HUMAN RIGHTS (Record no. 10171)

MARC details
000 -LEADER
fixed length control field 00330nam a22001457a 4500
003 - CONTROL NUMBER IDENTIFIER
control field SGT
020 ## - INTERNATIONAL STANDARD BOOK NUMBER
International Standard Book Number 978818038934
082 ## - DEWEY DECIMAL CLASSIFICATION NUMBER
Classification number 341.48,SIN
100 ## - MAIN ENTRY--PERSONAL NAME
Personal name SINHA MANOJ KUMAR
245 ## - TITLE STATEMENT
Title IMPLEMENTATION BASIC HUMAN RIGHTS
260 ## - PUBLICATION, DISTRIBUTION, ETC. (IMPRINT)
Place of publication, distribution, etc GURGAON
Name of publisher, distributor, etc LEXIS NEXIS
Year of Publication 2013
300 ## - PAGE DESCRIPTION
No. of Pages 300
650 ## - SUBJECT ADDED ENTRY--TOPICAL TERM
Topical term or geographic name as entry element HUMAN RIGHTS
942 ## - ADDED ENTRY ELEMENTS (KOHA)
Source of classification or shelving scheme Dewey Decimal Classification
Koha item type Books
Holdings
Withdrawn status Lost status Source of classification or shelving scheme Damaged status Not for loan Collection code Home library Current library Shelving location Date acquired Vendor Name Cost, normal purchase price SGTU Full call number Accession No. (Barcode) Date last seen Bill Date Koha item type
    Dewey Decimal Classification   Not For Loan LAW SGT Science & Social Sciences Library SGT Science & Social Sciences Library Reference Book 12/12/2016 GIFT 345.00 SGTU 341.48,SIN FL619 12/12/2016 12/12/2016 Books